Normal view
MARC view
- الكرة الطائرة- موسوعة رياضية
Entry Topical Term
001 - CONTROL NUMBER
- control field: 42572
003 - CONTROL NUMBER IDENTIFIER
- control field: JO-AjAnu
005 - DATE AND TIME OF LATEST TRANSACTION
- control field: 20230606081049.0
008 - FIXED-LENGTH DATA ELEMENTS
- fixed length control field: 230606|| aca||aabn | a|a d
040 ## - CATALOGING SOURCE
- Original cataloging agency: JO-AjAnu
- Transcribing agency: JO-AjAnu
150 ## - HEADING--TOPICAL TERM
- Topical term or geographic name entry element: الكرة الطائرة- موسوعة رياضية
670 ## - SOURCE DATA FOUND
- Source citation: Work cat.: (JO-AjAnu)21806: خطايبة، أكرم زكي, author 42571, موسوعة الكرة الطائرة : تاريخ - مهارات - خطط لعب - اعداد بدني - تدرب - اصابات - قياس وتقويم - قواعد اللعبة - الكرة الطائرة المصفرة والشاطئية - مصطلحات رياضية